Football: Dans quel Championnat joue ce club (Click quiz) - Statistiques

Statistiques générales
  • Ce quiz a été pris 251 fois
  • Le résultat moyen est 23 sur 40
Statistiques - réponses
Hint Réponse % Correct
Borussia Mönchengladbach Allemagne (Bundesliga)
88%
AS Monaco France (Ligue 1)
88%
Crystal Palace Angleterre (Premier League)
86%
Al-Hilal Arabie Saoudite (Saudi Pro League)
86%
Royale Union Saint-Gilloise Belgique (Jupiler Pro League)
83%
Celta Vigo Espagne (La Liga)
83%
US Sassuolo Italie (Serie A)
82%
Başakşehir FK Turquie (Super Lig)
77%
Slovan Bratislava Slovaquie (Nike Liga)
73%
AZ Alkmaar Pays-Bas (Eredivisie)
72%
Puskas Academy Hongrie (OTP Bank Liga)
71%
CR Vasco da Gama Brésil (Serie A)
69%
OFI Crète Grèce (Super League)
69%
D.C. United Etats-Unis (MLS)
65%
CA Independiente Argentine (Liga Profesional)
60%
FK Bodø/Glimt Norvège (Eliteserien)
60%
FC Lugano Suisse (Super League)
59%
SK Sturm Graz Autriche (Bundesliga)
58%
Colo Colo Chili (Primera División)
58%
Hajduk Split Croatie (Prva HNL)
58%
Aberdeen FC Ecosse (Scottish Premiership)
58%
FC Midtjylland Danemark (Superligaen)
57%
Club América Mexique (Liga MX)
57%
Kaizer Chiefs FC Afrique du Sud (Premier Soccer League)
55%
FC Viktoria Plzeň République Tchèque (FORTUNA:LIGA)
55%
SK Dnipro-1 Ukraine (Premier League)
50%
Ludogorets Razgrad Bulgarie (Parva Liga)
48%
Suwon FC Corée du Sud (K League 1)
48%
FH Hafnarfjörður Islande (Besta deild karla)
47%
Shamrock Rovers Irlande (Premier Division)
45%
Djurgårdens IF Suède (Allsvenskan)
45%
Nagoya Grampus Japon (J1 League)
41%
Casa Pia AC Portugal (Liga Portugal)
41%
Newcastle Jets Australie (A-League)
37%
Gornik Zabrze Pologne (Ekstraklasa)
31%
FK Vojvodina Novi Sad Serbie (Super Liga)
31%
Kerala Blasters FC Inde (ISL)
26%
The New Saints FC Pays de Galles (Cymru Premier)
23%
Universitatea Craiova Roumanie (Liga 1)
22%
Larne FC Irlande du Nord (NIFL Premiership)
21%
Aucun quiz correspondant
Distribution des résultats
% des personnes avec chaque résultat
Percentile par nombre de réponses
Votre historique - résultats
Vous n’avez pas pris ce quiz